=LDR 00000nam 2200000 4500 =001 INLIS000000000038267 =005 20130612143935 =008 ***********************************Ind** =035 ##$$0010-061300000038267 =041 ##$$a Ind =082 ##$$a 641.8 =090 ##$$a 641.8, Emi a =100 ##$$a Emir, Threes =245 ##$$a Aneka sandwich untuk snack dan bekal praktis, Healthy reape for kids, Threes Emir; Editor, Intarina Hardiaman =260 ##$$a 2011 $b Jakarta =300 ##$$a 45 hlm, Ilus, 23 cm =650 ##$$a Roti - Sandwich =700 ##$$a Hardiman, Intarina =850 ##$$a NBPNMAT